000 00698nam a2200205Ii 4500
003 JO-AjNU
008 230605s9999||||xx |||||||||||||| ||und||
040 _aJO-AjNU
_bara
_erda
_cJO-AjNU
041 _aara
050 1 4 _aDT199.I934 1983
100 3 _aتاليف موسى، عز الدين عمر احمد,
_eauthor
_935364
245 0 0 _aدراسات في تاريخ المغرب الإسلامي
250 _aط1
264 3 1 _aبيروت: دار الشروق، 1983
300 _a122ص
336 _atext
_btxt
_2rdacontent
337 _aunmediated
_bn
_2rdamedia
338 _avolume
_bnc
_2rdacarrier
650 4 _aالتاريخ الاسلامي-المغرب العربي-تاريخ
_935365
999 _aA14592
_c18160
_d18160